| Tag |
First Indicator |
Second Indicator |
Subfields |
| LEADER |
00000cam a2200000 i 4500 |
| 001 |
in00003511607 |
| 006 |
m o d |
| 007 |
cr cn||||||||| |
| 008 |
140903t20152015maua o 001 0 eng d |
| 005 |
20250816223815.4 |
| 020 |
|
|
|z 9781305115088
|
| 020 |
|
|
|a 9781305115095 (e-book)
|
| 035 |
|
|
|a (CaPaEBR)ebr10915736
|
| 035 |
|
|
|a (OCoLC)891383556
|
| 040 |
|
|
|a CaPaEBR
|b eng
|e rda
|e pn
|c CaPaEBR
|d UtOrBLW
|
| 050 |
1 |
4 |
|a HD30.2
|b .B354 2015eb
|
| 082 |
0 |
4 |
|a 004.068
|2 23
|
| 100 |
1 |
|
|a Baker, Pam,
|e author.
|
| 245 |
1 |
0 |
|a Data divination :
|b big data strategies /
|c Pam Baker ; cover designer, Luke Fletcher ; proofreader, Sam Garvey ; indexer, Larry Sweazy.
|
| 264 |
3 |
1 |
|a Boston, Massachusetts :
|b Cengage Learning PTR,
|c 2015.
|
| 264 |
|
4 |
|c ©2015
|
| 300 |
|
|
|a 1 online resource (433 pages) :
|b illustrations
|
| 336 |
|
|
|a text
|b txt
|2 rdacontent
|
| 337 |
|
|
|a computer
|b c
|2 rdamedia
|
| 338 |
|
|
|a online resource
|b cr
|2 rdacarrier
|
| 500 |
|
|
|a Includes index.
|
| 588 |
|
|
|a Description based on print version record.
|
| 650 |
|
0 |
|a Information technology
|x Management.
|
| 650 |
|
0 |
|a Business
|x Data processing.
|
| 650 |
|
0 |
|a Big data.
|
| 655 |
|
7 |
|a Electronic books.
|2 local
|
| 700 |
1 |
|
|a Fletcher, Luke,
|e cover designer.
|
| 700 |
1 |
|
|a Garvey, Sam,
|e proofreader.
|
| 700 |
1 |
|
|a Sweazy, Larry,
|e bibliographic antecedent.
|
| 710 |
2 |
|
|a ebrary, Inc.
|
| 776 |
0 |
8 |
|i Print version:
|a Baker, Pam.
|t Data divination : big data strategies.
|d Boston, Massachusetts : Cengage Learning PTR , c2015
|h xvi, 416 pages
|z 9781305115088
|w 2014937092
|
| 856 |
4 |
1 |
|u https://ebookcentral.proquest.com/lib/tamucs/detail.action?docID=3136765
|y Connect to the full text of this electronic book
|t 0
|
| 980 |
|
|
|a 141028
|b 34.99
|c USD
|e 52.49
|f YBP_EBR0000100617
|g 1
|
| 999 |
f |
f |
|s 295f4f36-69a6-3d2b-9050-ad7cc1f8e3ea
|i d8280dc0-1587-325c-9f87-89a83d0f1ac0
|t 0
|
| 999 |
|
|
|a MARS
|
| 952 |
f |
f |
|a Texas A&M University
|b College Station
|c Electronic Resources
|d Available Online
|t 0
|e HD30.2 .B354 2015eb
|h Library of Congress classification
|
| 998 |
f |
f |
|a HD30.2 .B354 2015eb
|t 0
|l Available Online
|